[Event "GRE-ch Online Blitz op 1st"]
[Site "Tornelo INT"]
[Date "2021.02.07"]
[Round "12"]
[White "Parastatidis, Charalampos"]
[Black "Trigkas, Dimitrios"]
[Result "1-0"]
[WhiteElo "1399"]
[BlackElo "1114"]
[PlyCount "63"]
[EventDate "2021.02.07"]
[EventType "swiss (blitz)"]
[EventRounds "16"]
[EventCountry "GRE"]
[SourceTitle "EXT 2023"]
[Source "ChessBase"]
[SourceDate "2022.10.05"]
[SourceVersion "1"]
[SourceVersionDate "2022.10.05"]
[SourceQuality "1"]

1. e4 e5 2. Nf3 Nf6 3. d3 Nc6 4. Be2 d6 5. c3 Bg4 6. h3 Bh5 7. 0-0 Qd7 8. Be3 0-0-0 9. b4 Bxf3 10. Bxf3 Kb8 11. a4 h5 12. a5 g6 13. b5 Ne7 14. b6 cxb6 15. axb6 a6 16. Nd2 Bh6 17. d4 exd4 18. cxd4 Bxe3 19. fxe3 g5 20. Be2 g4 21. h4 Qe6 22. Qa4 d5 23. Bxa6 Qxb6 24. Rfb1 Qc7 25. Rxb7+ Qxb7 26. Bxb7 Kxb7 27. Qa6+ Kc7 28. Qa7+ Kd6 29. Ra6+ Nc6 30. e5+ Ke6 31. Rxc6+ Kf5 32. Rxf6# 1-0

[Event "GRE-ch Online Blitz op 1st"]
[Site "Tornelo INT"]
[Date "2021.02.07"]
[Round "1"]
[White "Trigkas, Dimitrios"]
[Black "Zaganas, Konstantinos"]
[Result "0-1"]
[WhiteElo "1114"]
[BlackElo "1678"]
[PlyCount "98"]
[EventDate "2021.02.07"]
[EventType "swiss (blitz)"]
[EventRounds "16"]
[EventCountry "GRE"]
[SourceTitle "EXT 2023"]
[Source "ChessBase"]
[SourceDate "2022.10.05"]
[SourceVersion "1"]
[SourceVersionDate "2022.10.05"]
[SourceQuality "1"]

1. e4 e5 2. Nf3 Nc6 3. Bb5 d6 4. d4 exd4 5. Nxd4 Bd7 6. Nxc6 bxc6 7. Bd3 Nf6 8. 0-0 Be7 9. Bg5 0-0 10. Re1 h6 11. Bh4 Be6 12. Nc3 d5 13. e5 Nd7 14. Bxe7 Qxe7 15. Qh5 Qg5 16. Qxg5 hxg5 17. Na4 Rab8 18. Rab1 c5 19. c3 c4 20. Bc2 Nb6 21. Nc5 Rfe8 22. Nxe6 Rxe6 23. Re3 f6 24. exf6 Rxe3 25. fxe3 gxf6 26. b3 Re8 27. Kf2 Kg7 28. a4 cxb3 29. Bxb3 c6 30. a5 Nd7 31. Bc2 Nc5 32. Bf5 Re7 33. g4 Nb7 34. Ra1 Nc5 35. Rb1 Na4 36. Rb3 Nc5 37. Ra3 Rb7 38. Ra2 Rb3 39. Rc2 Ra3 40. c4 Ne4+ 41. Kf3 Rxa5 42. cxd5 cxd5 43. Rc7+ Kf8 44. Rc8+ Ke7 45. Rc7+ Kd6 46. Rd7+ Kc6 47. Rh7 Ra2 48. Bd7+ Kd6 49. Bf5 Rf2# 0-1